000 00657cas a22002295a 4500
001 L98755
008 070717c1994 xxkwr p 0 a0eng
022 1 _a0969-7594
035 _a(Sirsi) u98755
041 0 _aeng
245 0 0 _aProperty Week
260 3 _aLondon
_bCMP
_c1994-
362 _aLondon: 45(7) 17 February 1994-
362 0 _aEdinburgh: 45(7) 17 February 1994-
500 _agap in collection after 28 Feb 2020 issue and before 21 Jan 2022 issue
651 4 _aUnited Kingdom
690 _aPROPERTY
780 0 0 _tChartered Surveyor Weekly
_x0969-7594
780 0 0 _tEstates Times
_x0014-1259
942 _n0
_2ddc
948 _c24/02/1994
999 _c118511
_d118511